01138nam a2200313 i 450000500170000000700030001700800410002002000180006104000350007904100130011408400120012710000380013924500960017725000220027326400380029530000400033333600270037333700330040033800280043349000290046152100610049053400250055154500770057665000300065365000320068365000450071570000310076070000330079120220317002039.0ta201118s2019 ck a br 001 1dspa d a9789580010227 aCO-BoRNBPbspacCO-BoRNBPerda1 aspaheng aLM OSB11 aOsborne, Mary Poped1947-eautora10aMitos griegoscMary Pope Osborne ; traducción Luz Amorocho ; ilustraciones William Pineda aSegunda edición 1aBogotábEducactivabNormac2019 a117 páginasbilustracionesc20 cm 2rdacontentatextobtxt 2rdamediaasin mediaciónbn 2rdacarrieravolumenbnc0 aTorre de papelpAmarilla aRecomendado para un público infantil mayor de 9 años tFavorite greek myths aIncluye datos biográficos de la autora e ilustrador al final del texto172LEMBaMitología griega 172LEMBaMitología clásica172LEMBaPersonajes mitológicosvLeyendas1 aAmorocho, Luz etraductora1 aPineda, William eilustrador